LANDSCAPING PRINCIPLES AND PRACTICES IV TH ED. LANDSCAPE ARCHITECTURE, GARDEBNING, INDUSTRY (Record no. 1173118)

MARC details
000 -LEADER
fixed length control field 00356nam a2200133Ia 4500
008 - FIXED-LENGTH DATA ELEMENTS--GENERAL INFORMATION
fixed length control field 230724s1999 xx und d
020 ## - INTERNATIONAL STANDARD BOOK NUMBER
International Standard Book Number 0827346832
041 ## - LANGUAGE CODE
Language code of text/sound track or separate title eng
082 ## - DEWEY DECIMAL CLASSIFICATION NUMBER
Classification number 712
100 ## - MAIN ENTRY--PERSONAL NAME
Personal name INGELS J.E.
245 ## - TITLE STATEMENT
Title LANDSCAPING PRINCIPLES AND PRACTICES IV TH ED. LANDSCAPE ARCHITECTURE, GARDEBNING, INDUSTRY
260 ## - PUBLICATION, DISTRIBUTION, ETC.
Date of publication, distribution, etc. 1999
300 ## - PHYSICAL DESCRIPTION
Extent 401
Holdings
Withdrawn status Lost status Damaged status Not for loan Home library Current library Date acquired Source of acquisition Cost, normal purchase price Total Checkouts Full call number Barcode Date last seen Price effective from Koha item type
        College of Architecture, Pune College of Architecture, Pune 23/07/2024 NULL 1827.00   712 ARP-BARCH-1967 23/07/2024 23/07/2024 Book